Physical chemistry / (Record no. 16580)
[ view plain ]
| 000 -LEADER | |
|---|---|
| fixed length control field | 02609cam a2200253 i 4500 |
| 001 - CONTROL NUMBER | |
| control field | 15183370 |
| 003 - CONTROL NUMBER IDENTIFIER | |
| control field | EG-ScBUE |
| 005 - DATE AND TIME OF LATEST TRANSACTION | |
| control field | 20250727100234.0 |
| 008 - FIXED-LENGTH DATA ELEMENTS--GENERAL INFORMATION | |
| fixed length control field | 080215t2008 maua f b 001 0 eng |
| 020 ## - INTERNATIONAL STANDARD BOOK NUMBER | |
| International Standard Book Number | 9780123706171 (hardcover : alk. paper) |
| 040 ## - CATALOGING SOURCE | |
| Original cataloging agency | EG-ScBUE |
| Language of cataloging | eng |
| Description conventions | rda |
| Transcribing agency | EG-ScBUE |
| Modifying agency | EG-ScBUE |
| 082 04 - DEWEY DECIMAL CLASSIFICATION NUMBER | |
| Classification number | 541 |
| Edition number | 22 |
| Item number | MOR |
| 100 1# - MAIN ENTRY--PERSONAL NAME | |
| Personal name | Mortimer, Robert G., |
| 9 (RLIN) | 29370 |
| Relator term | author. |
| 245 10 - TITLE STATEMENT | |
| Title | Physical chemistry / |
| Statement of responsibility, etc | Robert G. Mortimer, Professor Emeritus, Rhodes College, Memphis, Tennessee. |
| 250 ## - EDITION STATEMENT | |
| Edition statement | Third edition. |
| 300 ## - PHYSICAL DESCRIPTION | |
| Extent | xvii, 1395 pages : |
| Other physical details | illustrations (some color) ; |
| Dimensions | 29 cm |
| 500 ## - GENERAL NOTE | |
| General note | Includes appendix.<br/> |
| 504 ## - BIBLIOGRAPHY, ETC. NOTE | |
| Bibliography, etc | Includes bibliographical references and index.<br/> |
| 505 0# - FORMATTED CONTENTS NOTE | |
| Formatted contents note | Part 1. Thermodynamics and the macroscopic description of physical systems. The behavior of gases and liquids -- Work, heat, and energy: the First law of thermodynamics -- The Second and Third laws of thermodynamics: entropy -- The thermodynamics of real systems -- Phase equilibrium -- The thermodynamics of solutions -- Chemical equilibrium -- The thermodynamics of electrical systems -- part 2. Dynamics. Gas kinetic theory: the molecular theory of dilute gases at equilibrium -- Transport processes -- The rates of chemical reactions -- Chemical reaction mechanisms I: rate laws and mechanisms -- Chemical reaction mechanisms II: catalysis and miscellaneous topics -- part 3. The molecular structure of matter. Classical mechanics and the old quantum theory -- The principles of quantum mechanics. I. De Broglie waves and the Schrodinger equation -- The principles of quantum mechanics. II. The postulates of quantum mechanics -- The electronic states of atoms. I. The hydrogen atom -- The electronic states of atoms. II. The zero-order approximation for multielectron atoms -- The electronic states of atoms. III. Higher-order approximations -- The electronic states of diatomic molecules -- The electronic structure of polyatomic molecules -- Translational, rotational, and vibrational states of atoms and molecules -- Optical spectroscopy and photochemistry -- Magnetic resonance spectroscopy -- part 4. The reconciliation of the macroscopic and molecular theories of matter. Equilibrium statistical mechanics. I. The probability distribution for molecular states -- Equilibrium statistical mechanics. II. Statistical thermodynamics -- Equilibrium statistical mechanics III. Ensembles -- The structure of solids, liquids, and polymers -- Appendices. |
| 650 #7 - SUBJECT ADDED ENTRY--TOPICAL TERM | |
| Topical term or geographic name as entry element | Chemistry, Physical and theoretical. |
| 9 (RLIN) | 29371 |
| Source of heading or term | BUEsh |
| 653 ## - INDEX TERM--UNCONTROLLED | |
| Arrived date list | March2012 |
| 655 ## - INDEX TERM--GENRE/FORM | |
| Form subdivision | Reading book |
| 942 ## - ADDED ENTRY ELEMENTS (KOHA) | |
| Source of classification or shelving scheme | Dewey Decimal Classification |
| Item type | Book - Borrowing |
| Withdrawn status | Lost status | Source of classification or shelving scheme | Damaged status | Not for loan | Koha collection | Home library | Current library | Shelving location | Date acquired | Source of acquisition | Total Checkouts | Full call number | Barcode | Date last seen | Koha item type | Total Renewals | Date last borrowed |
|---|---|---|---|---|---|---|---|---|---|---|---|---|---|---|---|---|---|
| Dewey Decimal Classification | Baccah | Central Library | Central Library | First floor | 12/03/2012 | Purchase | 541 MOR | 000026430 | 15/07/2025 | Book - Borrowing | |||||||
| Dewey Decimal Classification | Baccah | Central Library | Central Library | First floor | 12/03/2012 | Purchase | 541 MOR | 000026431 | 15/07/2025 | Book - Borrowing | |||||||
| Dewey Decimal Classification | Baccah | Central Library | Central Library | First floor | 12/03/2012 | Purchase | 1 | 541 MOR | 000026432 | 15/07/2025 | Book - Borrowing | 25 | 02/11/2021 |